000 00859nam a22002897a 4500
001 000553
003 DO-SdBNP
005 20180125105702.0
007 000553
008 161017b 1982 sp ||||| |||| 00| 0 spa d
020 _a8402048323
040 _aBPMSU
_bspa
_cBPMSU
092 _axxxxx
_bxxxxx
100 1 _a Asimov, Isaac,
_d1920-1992.
240 _aSecond foundation.
_lEspañol
245 1 0 _aSegunda fundación /
_cIsaac Asimov ; tradacción por Pilar Giralt.
250 _a8ª ed.
260 _aBarcelona :
_bBruguera,
_c1982.
300 _a250 p. ;
_c18 cm.
490 1 _aLibro Amigo. Ciencia Ficción
_v410
500 _aIncluye datos del autor
700 1 _aGiralt, Pilar
_etr.
830 0 _aLibro Amigo. Ciencia Ficción ;
_v410
942 _2ddc
_cBK
945 _aInventariado, 2018 /LP
956 _aLOPEREZ
_b10
_c20161017
999 _c11569
_d11569